ბათუმის შოთა რუსთაველის სახელმწიფო უნივერსიტეტის ბიბლიოთეკა

The Handbook of Career Advising (ბიბ.ჩანაწერი № 51472)

000 -LEADER
fixed length control field 00639nam a2200229Ia 4500
001 - CONTROL NUMBER
control field 18458
003 - CONTROL NUMBER IDENTIFIER
control field GE_BSU
008 - FIXED-LENGTH DATA ELEMENTS--GENERAL INFORMATION
fixed length control field 181216s||||||||xx |||||||||||||| ||und||
020 ## - INTERNATIONAL STANDARD BOOK NUMBER
International Standard Book Number 9780470373682
040 ## - CATALOGING SOURCE
Transcribing agency GE_BSU
080 ## - UNIVERSAL DECIMAL CLASSIFICATION NUMBER
Universal Decimal Classification number 331
100 ## - MAIN ENTRY--PERSONAL NAME
Personal name Hughey,K. Nelson,D.B., Damminger,J.K. and other
245 #4 - TITLE STATEMENT
Title The Handbook of Career Advising
250 ## - EDITION STATEMENT
Edition statement A publication of the National Academic Advising Association
260 ## - PUBLICATION, DISTRIBUTION, ETC.
Place of publication, distribution, etc. San Francisco
260 ## - PUBLICATION, DISTRIBUTION, ETC.
Name of publisher, distributor, etc. Jossey-Bass
260 ## - PUBLICATION, DISTRIBUTION, ETC.
Date of publication, distribution, etc. 2009
300 ## - PHYSICAL DESCRIPTION
Extent 387p. 26cm.
653 ## - INDEX TERM--UNCONTROLLED
Uncontrolled term The Handbook of Career Advising
653 ## - INDEX TERM--UNCONTROLLED
Uncontrolled term კარიერა, მართვა.
942 ## - ADDED ENTRY ELEMENTS (KOHA)
Koha item type წიგნი
ეგზემპლარები
Withdrawn status Lost status Damaged status Not for loan Date acquired Barcode Date last seen Price effective from Koha item type
        2018-12-17 47299 2018-12-17 2018-12-17 წიგნი